000 00570nam a2200205Ia 4500
005 20260429112259.0
008 260429s9999||||xx |||||||||||||| ||und||
020 _a9781107173149
041 _aEnglish
082 _a515
_bCON
100 _aConway, John B.
245 0 _aFirst Course in Analysis /
_cJohn B. Conway
260 _aCambridge :
_bCambridge University Press,
_c2018.
300 _axv, 340 p.; hb
440 _aCambridge Mathematical Textbooks
650 _a Mathematics
650 _a Real analysis
650 _aMathematical analysis
942 _cTB
999 _c53288
_d53288